00393nam a2200157Ia 4500003000400000008004100004040001600045082001300061100001100074245002500085260005300110300001000163490002500173650001500198650002200213GCL140319s9999 xx 000 0 eng d aGCL / cGCL04a843bR I1 aRACINE10aIPHIGENIE / cRACINE a[S.N] : bLES COMMENTAIRE ET LES NOTES ، c1986 a158 P aLE LIVRE DE POCHEv004aLITERATURE04aFRENCH LITERATURE